Statistics for one tree hill trivia

Click here to take the quiz!

General Stats

  • This quiz has been taken 311 times
  • The average score is 4 of 15

Answer Stats

HintAnswer% Correct
who was the only cast member under the age of 21 at the start of season 1james lafferty
59%
what does nathan say to haley when he gives her a bracletdont say i never gave you anything
55%
why did chase go to jail in season 9beat up chucks dad
50%
what is the name of clay and nathans companyfortitude
42%
what is the name of the man who beat up brookexavier daniels
38%
what is the name of the girl who witnessed keiths murderabby brown
37%
what was debs brothers namehot uncle cooper
31%
what song did haley include when she was marrying lucas and peytonevery rose has its thorn
24%
what is the name of the place keith and lucas move to at the end of season 1charleston
23%
what was peytons stalkers screen namewatchmewatchyou
16%
how does peytons wedding dress get ruinedsam throws a party at brookes shop
15%
why does karen slap lucas in the facehe tells her brooke is pregnant
11%
what is the street name that brooke and haleys shops are ongrace street
10%
how does karen cut her hand in season 4washing keiths mug
9%
who does mouth kiss at haley and nathan's second weddingbevin
5%

Score Distribution

Percentile by Number Answered

Percent of People with Each Score

Your Score History

You have not taken this quiz